000 00377nam a2200169Ia 4500
001 8867
003 IN-NITTTR
005 20251114233042.0
008 251113s9999||||xx |||||||||||||| ||eng||
040 _beng
040 _cIN-NITTTR
041 _aeng
082 _a669.2 S84N
100 _aSeryukov, N.
245 0 _aNonferrous metallurgy /
_cSeryukov, N.
942 _2ddc
_cBK
999 _c11504
_d11504